Louis Tomlinson songs in order (2025) - Statistics

General Stats
  • This quiz has been taken 100 times
  • The average score is 29 of 38
Answer Stats
Hint Answer % Correct
Single Just Hold On
98%
Single Back to You
95%
Single Just Like You
91%
Single Miss You
88%
Walls Only The Brave
88%
Walls Kill My Mind
86%
Walls Two Of Us
86%
Walls Defenceless
85%
Walls Perfect Now
85%
Walls Walls
85%
Walls Always You
84%
Walls Fearless
84%
Faith In The Future The Greatest
84%
Walls Too Young
84%
Walls We Made It
84%
Walls Don't Let It Break Your Heart
83%
Walls Habit
83%
Faith In The Future Written All Over Your Face
79%
Faith In The Future All This Time
78%
Faith In The Future Bigger Than Me
78%
Faith In The Future Chicago
77%
Faith In The Future Lucky Again
77%
Faith In The Future Face The Music
75%
Faith In The Future Saturdays
75%
Faith In The Future Out Of My System
73%
Faith In The Future Silver Tongues
72%
Faith In The Future Change
70%
Faith In The Future Headline
69%
Faith In The Future Common People
68%
Unreleased Copy Of A Copy Of A Copy
68%
Faith In The Future She Is Beauty We Are World Class
68%
Faith In The Future That's The Way Love Goes
68%
Faith In The Future Angels Fly
67%
Faith In The Future Holding On To Heartache
67%
Faith In The Future High In California
64%
Faith In The Future Face The Music - Acoustic Demo
59%
Unreleased Saved By A Stranger
54%
Unreleased Paradise
53%
No matching quizzes found
Score Distribution
Percent of People with Each Score
Percentile by Number Answered
Your Score History
You have not taken this quiz